The noble scholar, jurist, historian


 His Excellency Dr. Abdul Wahhab bin Ibrahim Abu Sulaiman, may Allah have mercy on him.


 He was born in Umm Al-Qura in the year 1356 AH.

الأربعون البلدانية : (Record no. 5747)

MARC details
000 -LEADER
fixed length control field 01228cam a22002891i 4500
003 - CONTROL NUMBER IDENTIFIER
control field SA-RiAUC
005 - DATE AND TIME OF LATEST TRANSACTION
control field 20250208090508.0
008 - FIXED-LENGTH DATA ELEMENTS--GENERAL INFORMATION
fixed length control field 250207s1987 le g 000r0 ara c
035 ## - SYSTEM CONTROL NUMBER
System control number AUC_OC_193412
040 ## - CATALOGING SOURCE
Original cataloging agency SA-RiAUC
Language of cataloging ara
Transcribing agency SA-RiAUC
Description conventions rda
082 04 - DEWEY DECIMAL CLASSIFICATION NUMBER
Classification number 237.7
Assigning agency SA-RiAUC
090 ## - LOCALLY ASSIGNED LC-TYPE CALL NUMBER (OCLC); LOCAL CALL NUMBER (RLIN)
Classification number (OCLC) (R) ; Classification number, CALL (RLIN) (NR) 237.7
Local cutter number (OCLC) ; Book number/undivided call number, CALL (RLIN) ف ا د
100 1# - MAIN ENTRY--PERSONAL NAME
Personal name الفاداني، محمد ياسين بن محمد عيسى،
Dates associated with a name 1335-1411 هجري
Relator term مؤلف.
245 12 - TITLE STATEMENT
Title الأربعون البلدانية :
Remainder of title أربعون حديثا عن أربعين شيخا من أربعين بلدا /
Statement of responsibility, etc. تأليف أبي الفيض محمد ياسين بن عيسى الفاداني المكي.
250 ## - EDITION STATEMENT
Edition statement الطبعة الثانية.
264 #1 - PRODUCTION, PUBLICATION, DISTRIBUTION, MANUFACTURE, AND COPYRIGHT NOTICE
Place of production, publication, distribution, manufacture بيروت :
Name of producer, publisher, distributor, manufacturer دار البشائر الإسلامية،
Date of production, publication, distribution, manufacture, or copyright notice [1987]
300 ## - PHYSICAL DESCRIPTION
Extent 80 صفحة ؛
Dimensions 24 سم
336 ## - CONTENT TYPE
Content type term نص
Content type code txt
Source rdacontent
Materials specified كتاب
337 ## - MEDIA TYPE
Media type term بدون وسيط
Media type code n
Source rdamedia
338 ## - CARRIER TYPE
Carrier type term مجلد
Carrier type code nc
Source rdacarrier
500 ## - GENERAL NOTE
General note ختم اهداء من المؤلف
650 #7 - SUBJECT ADDED ENTRY--TOPICAL TERM
Topical term or geographic name entry element الحديث
General subdivision الأربعون حديثا
Source of heading or term aucsh
650 #7 - SUBJECT ADDED ENTRY--TOPICAL TERM
Topical term or geographic name entry element الحديث
General subdivision أحكام
Source of heading or term aucsh
650 #7 - SUBJECT ADDED ENTRY--TOPICAL TERM
Topical term or geographic name entry element الحديث
General subdivision شرح
Source of heading or term aucsh
942 ## - ADDED ENTRY ELEMENTS (KOHA)
Source of classification or shelving scheme Dewey Decimal Classification
Koha item type Books
Suppress in OPAC No
949 ## - LOCAL PROCESSING INFORMATION (OCLC)
a SA-JeALM
d 250207
u mohamedma123
n 1
Holdings
Withdrawn status Lost status Source of classification or shelving scheme Damaged status Not for loan Home library Current library Date acquired Total checkouts Full call number Barcode Date last seen Price effective from Koha item type
    Dewey Decimal Classification     DR AbdElwahab Library DR AbdElwahab Library 02/08/2025   237.7 ف ا د 000009173 02/08/2025 02/08/2025 Books
    Dewey Decimal Classification     DR AbdElwahab Library DR AbdElwahab Library 05/06/2025   237.7 ف ا د 000012718 05/06/2025 05/06/2025 Books